000 01545cam a2200337 a 4500
001 15221573
003 ARRUPE
005 20141103173844.0
008 080317s2008 miub b 001 0 eng
010 _a 2008011993
020 _a9780802845573 (pbk. : alk. paper)
020 _a0802845576 (pbk. : alk. paper)
035 _a(OCoLC)ocn214322699
035 _a(OCoLC)214322699
_z(OCoLC)192083023
040 _aDLC
_cDLC
_dYDX
_dBAKER
_dYDXCP
_dBTCTA
_dOCLCG
_dDLC
050 0 0 _aBS2548
_b.P85 2008
082 0 0 _a226/.061
_222
100 1 _aPuskas, Charles B.
_912343
245 1 3 _aAn introduction to the Gospels and Acts /
_cCharles B. Puskas & David Crump.
260 _aGrand Rapids, Mich. :
_bWilliam B. Eerdmans Pub. Co.,
_c2008.
300 _axv, 210 p. :
_bmaps ;
_c23 cm.
504 _aIncludes bibliographical references and indexes.
505 0 _aThe historical context of the Gospels and Acts -- The historical methods of criticism -- The Gospel of Mark -- The Gospel of Matthew -- Literary features of Luke-Acts -- Key themes of Luke-Acts -- The Gospel of John.
630 0 0 _aBible.
_pGospels
_vIntroductions.
_912344
630 0 0 _aBible.
_pActs
_vIntroductions.
_912345
700 1 _aCrump, David,
_d1956-
_912346
856 4 1 _3Table of contents only
_uhttp://www.loc.gov/catdir/toc/ecip0814/2008011993.html
906 _a7
_bcbc
_corignew
_d1
_eecip
_f20
_gy-gencatlg
942 _2lcc
_cMONOGRAPH
999 _c121161
_d121161